WW1 quiz - Statistics

General Stats
  • This quiz has been taken 511 times
  • The average score is 5 of 15
Answer Stats
Hint Answer % Correct
Year WW1 started 1914
100%
Event that ignited WW1 Assassination of Archduke Franz Ferdinand
90%
Date of assassination June 28, 1914
75%
Name of Assassin Gavrilo Princip
64%
Empire that Franz Ferdinand was heir to Austro-Hungarian empire
63%
Main countries that sided with Austria-Hungary Germany
57%
Nationality of Gavrilo Princip Serbian
57%
Main countries that sided with Serbia Russia, Belgium, France, Great Britain
2%
Event that brought a halt to the participation of Russia in WW1 Russian revolution
2%
Number of causalities 20 million
1%
Number of wounded 21 million
1%
Date that the U.S. declared war against Germany April 2, 1915
1%
Side that surrendered Austria-Hungary
1%
Battle that first involved Italy - Making them later join Serbia Battle of the Isonzo
1%
Day WW1 ended November 11, 1918
1%
No matching quizzes found
Score Distribution
Percent of People with Each Score
Percentile by Number Answered
Your Score History
You have not taken this quiz